Sports Quiz

Random Sports or NCAA Quiz

College Girls and Boys team in NCAA Tourney Quiz Stats

 Plays Quiz not verified by Sporcle

Also try: Conference USA
Challenge
Share
Tweet
Embed
Score 0/25 Timer 07:00
0 Plays Today
Mens seed, Womans seed College % Correct
Men- 7, Women- 1Connecticut
97.8%
Men-6, Women-4North Carolina
97.8%
Men-3, Women-2Duke
95.7%
Men-1, Women-11Florida
91.3%
Men-10, Women-2Stanford
91.3%
Men-7, Women-5Texas
91.3%
Men-11, Women-1Tennessee
89.1%
Men-4, Women-5Michigan St
87%
Men-8, Women-3Kentucky
87%
Men-5, Women-10Oklahoma
84.8%
Men-4, Women-3Louisville
84.8%
Men-12, Women-5North Carolina State
82.6%
Men-3, Women-6Syracuse
80.4%
Mens seed, Womans seed College % Correct
Men-9, Women-5Oklahoma State
78.3%
Men-11, Women-6Iowa
78.3%
Men-1, Women-14Wichita State
76.1%
Men-10, Women-9Arizona State
76.1%
Men-6, Women-2Baylor
73.9%
Men-3, Women-7Iowa State
71.7%
Men-10, Women-12Brigham Young
67.4%
Men-11, Women-4Nebraska
63%
Men-8, Women-6Gonzaga
60.9%
Men-16, Women-15Albany
47.8%
Men-11, Women-6Dayton
37%
Men-10, Women-9St. Joesph's
30.4%

You're not logged in!

Compare scores with friends on all Sporcle quizzes.
OR
Log In

You Might Also Like...

Show Comments

Extras

Top Quizzes Today


Score Distribution

Your Account Isn't Verified!

In order to create a playlist on Sporcle, you need to verify the email address you used during registration. Go to your Sporcle Settings to finish the process.

Report this User

Report this user for behavior that violates our Community Guidelines.

Details: